• 首页
  • 本馆介绍
  • 公告通知
  • 最新文献
  • 馆藏检索
  • 电子资源
  • 读者荐购
  • 参考咨询
  • CALIS
  • 我的图书馆
  • 登录
  • 详细信息显示
  • 放入我的书架
  • 预约/预借图书
  • 作者相关作品
  • 分类相关作品
  • 丛书相关作品
  • 出版社相关作品

书目信息

  • 表格格式
  • 工作单格式
  • 卡片格式
书名: Poor Old Mum!
作者: Roderick Hunt(Text);Alex Brychta(Illustrations).
分册号:
分册名:
出版地: China :
 
出版社: Oxford Univer Press
出版时间: 2020.
页数: 16 p. ;
开本: 20cm.
丛书名:
中图分类号:
科图分类号:
其他分类号: H139.4
主题词:
电子资源:
 
 
 
 
 
000 00602nam 2200229 a 4500
001 E2631467245
005 20260630101646.30
008 260629s2020 00010 eng
020    @a978-1-382-01239-3. :@cCNY14.50.
040    @aPFT@beng
041    @aeng
093    @aH139.4
099    @dH139.4@eR105
245    @aPoor Old Mum! / @cRoderick Hunt(Text);Alex Brychta(Illustrations).
260    @aChina :@bOxford Univer Press,@c2020.
300    @a16 p. ;@c20cm.
500    @aOxford Reading Tree
650    @a训诂
650 0  @x词汇
650 0  @x语义学
650 0  @x语义
921    @b河南城建学院图书馆
    
    Poor Old Mum! / / Roderick Hunt(Text);Alex Brychta(Illustrations).-China : : Oxford Univer Press, , 2020.
    16 p. ; ; 20cm.
    Oxford Reading Tree
    
    ISBN 978-1-382-01239-3. :CNY14.50.
    
●
相关链接 在E读中查询图书 在当当中查询图书 在豆瓣中查询图书


正题名:Poor Old Mum     索取号:H139.4/R105         预约/预借

序号 登录号 条形码 馆藏地/架位号 状态 备注
1 0016234   300162348   外国语学院资料室/ [索取号:H139.4/R105] 在馆    
河南城建学院图书馆 欢迎您!
大连网信软件有限公司© 版权所有